[Event "BCF-chT3 1112 (4NCL)"]
[Site "England"]
[Date "2012.05.07"]
[Round "11.170"]
[White "Woods, Timothy J"]
[Black "Salisbury, Mike"]
[Result "1/2-1/2"]
[WhiteElo "1838"]
[BlackElo "2074"]
[PlyCount "44"]
[EventDate "2011.11.12"]
[EventType "team-swiss"]
[EventRounds "11"]
[EventCountry "ENG"]
[SourceTitle "EXT 2013"]
[Source "ChessBase"]
[SourceDate "2012.11.22"]
[SourceVersion "1"]
[SourceVersionDate "2012.11.22"]
[SourceQuality "1"]
[WhiteTeam "Sussex Smart Survivors"]
[BlackTeam "e2e4.org.uk III"]
[WhiteTeamCountry "ENG"]
[BlackTeamCountry "ENG"]

1. e4 e6 2. d4 d5 3. Nc3 dxe4 4. Nxe4 Nd7 5. Nf3 Ngf6 6. Bd3 Nxe4 7. Bxe4 Nf6 8. Bd3 c5 9. 0-0 cxd4 10. Nxd4 Be7 11. Re1 0-0 12. c3 a6 13. Bf4 Nd5 14. Bg3 g6 15. Qe2 Bd6 16. Qf3 Bxg3 17. Qxg3 Qb6 18. Rab1 Bd7 19. h4 Qc7 20. Qxc7 Nxc7 21. Be4 Rab8 22. Rbd1 Rfd8 1/2-1/2

[Event "BCF-chT3 1112 (4NCL)"]
[Site "England"]
[Date "2012.04.01"]
[Round "8.65"]
[White "Woods, Timothy J"]
[Black "Salisbury, Mike"]
[Result "0-1"]
[WhiteElo "1838"]
[BlackElo "2074"]
[PlyCount "60"]
[EventDate "2011.11.12"]
[EventType "team-swiss"]
[EventRounds "11"]
[EventCountry "ENG"]
[SourceTitle "EXT 2013"]
[Source "ChessBase"]
[SourceDate "2012.11.22"]
[SourceVersion "1"]
[SourceVersionDate "2012.11.22"]
[SourceQuality "1"]
[WhiteTeam "Sussex Smart Survivors"]
[BlackTeam "e2e4.org.uk II"]
[WhiteTeamCountry "ENG"]
[BlackTeamCountry "ENG"]

1. e4 e6 2. d4 d5 3. Nc3 dxe4 4. Nxe4 Nd7 5. Nf3 Ngf6 6. Bg5 Be7 7. Nxf6+ Bxf6 8. h4 h6 9. Bf4 c5 10. Be5 cxd4 11. Bxf6 Nxf6 12. Qxd4 Qxd4 13. Nxd4 Bd7 14. 0-0-0 Ne4 15. Nb5 Nxf2 16. Nc7+ Ke7 17. Nxa8 Rxa8 18. Rxd7+ Kxd7 19. Bb5+ Ke7 20. Rf1 Ng4 21. Rf4 Ne5 22. Be2 Rd8 23. Rb4 Rd7 24. Rb3 f5 25. Re3 Kf6 26. Ra3 a6 27. Bf3 Nxf3 28. Rxf3 g5 29. hxg5+ hxg5 30. Rb3 f4 0-1

[Event "BCF-chT3S 1112 (4NCL)"]
[Site "England"]
[Date "2012.01.15"]
[Round "4.6"]
[White "Salisbury, Mike"]
[Black "Cook, Michael P"]
[Result "1/2-1/2"]
[WhiteElo "2081"]
[BlackElo "2039"]
[PlyCount "61"]
[EventDate "2011.11.12"]
[EventType "team-swiss"]
[EventRounds "6"]
[EventCountry "ENG"]
[SourceTitle "EXT 2013"]
[Source "ChessBase"]
[SourceDate "2012.11.22"]
[SourceVersion "1"]
[SourceVersionDate "2012.11.22"]
[SourceQuality "1"]
[WhiteTeam "e2e4.org.uk II"]
[BlackTeam "Anglian Avengers II"]
[WhiteTeamCountry "ENG"]
[BlackTeamCountry "ENG"]

1. b3 d5 2. Bb2 Nf6 3. e3 Bf5 4. d4 e6 5. Nf3 Bb4+ 6. c3 Bd6 7. Bd3 Bxd3 8. Qxd3 Nbd7 9. Nbd2 0-0 10. 0-0 e5 11. dxe5 Nxe5 12. Nxe5 Bxe5 13. Nf3 Bd6 14. Rfd1 Qe7 15. c4 dxc4 16. Qxc4 c6 17. Qh4 Rfd8 18. Bxf6 Qxf6 19. Qxf6 gxf6 20. Kf1 Be7 21. Ke2 Rxd1 22. Rxd1 Rd8 23. Rxd8+ Bxd8 24. Kd3 Kf8 25. Ke4 Ke7 26. Kf5 c5 27. Nd2 Kd6 28. Ne4+ Kd5 29. Nc3+ Kc6 30. e4 b5 31. e5 1/2-1/2

[Event "BCF-chT3 0809 (4NCL)"]
[Site "Hinckley Island"]
[Date "2009.02.07"]
[Round "5.2"]
[White "Purdon, Colin"]
[Black "Salisbury, Mike"]
[Result "1/2-1/2"]
[WhiteElo "2097"]
[BlackElo "2119"]
[PlyCount "38"]
[EventDate "2008.10.18"]
[EventType "team-swiss"]
[EventRounds "11"]
[EventCountry "ENG"]
[SourceTitle "EXT 2010"]
[Source "ChessBase"]
[SourceDate "2010.11.25"]
[SourceVersion "1"]
[SourceVersionDate "2010.11.25"]
[SourceQuality "1"]
[WhiteTeam "AMCA Dragons"]
[BlackTeam "Leicester"]
[WhiteTeamCountry "ENG"]
[BlackTeamCountry "ENG"]

1. d4 Nf6 2. c4 c5 3. d5 b5 4. Nf3 g6 5. cxb5 a6 6. Nc3 Bg7 7. e4 d6 8. b6 Qxb6 9. Be2 0-0 10. 0-0 Nbd7 11. h3 Re8 12. Rb1 a5 13. Be3 Ba6 14. Nd2 Reb8 15. f4 Ne8 16. e5 dxe5 17. f5 Nd6 18. fxg6 hxg6 19. g4 Bxe2 1/2-1/2

[Event "BCF-chT3 0809 (4NCL)"]
[Site "Hinckley Island"]
[Date "2008.12.07"]
[Round "4.1"]
[White "Elliston, Robert V"]
[Black "Salisbury, Mike"]
[Result "1/2-1/2"]
[WhiteElo "2128"]
[BlackElo "2119"]
[PlyCount "22"]
[EventDate "2008.10.18"]
[EventType "team-swiss"]
[EventRounds "11"]
[EventCountry "ENG"]
[SourceTitle "EXT 2010"]
[Source "ChessBase"]
[SourceDate "2010.11.25"]
[SourceVersion "1"]
[SourceVersionDate "2010.11.25"]
[SourceQuality "1"]
[WhiteTeam "Sussex Smart Controls"]
[BlackTeam "Leicester"]
[WhiteTeamCountry "ENG"]
[BlackTeamCountry "ENG"]

1. c4 e5 2. g3 Nf6 3. Bg2 Nc6 4. Nc3 Bc5 5. Na4 Be7 6. d3 d5 7. cxd5 Nxd5 8. Nf3 0-0 9. 0-0 Be6 10. Bd2 Nb6 11. Bc3 f6 1/2-1/2

[Event "Leicestershire-ch"]
[Site "Littlethorpe"]
[Date "2008.09.23"]
[Round "5"]
[White "Hewitt, Sean"]
[Black "Salisbury, Mike"]
[Result "0-1"]
[WhiteElo "1808"]
[BlackElo "1872"]
[PlyCount "100"]
[EventDate "2008.05.27"]
[EventType "swiss"]
[EventRounds "6"]
[EventCountry "ENG"]
[SourceTitle "EXT 2011"]
[Source "ChessBase"]
[SourceDate "2010.11.26"]
[SourceVersion "1"]
[SourceVersionDate "2010.11.26"]
[SourceQuality "1"]

1. e4 c6 2. d4 d5 3. e5 c5 4. dxc5 e6 5. Be3 Nc6 6. Nf3 Nge7 7. Bd3 Ng6 8. Bxg6 hxg6 9. c3 a5 10. Na3 Bd7 11. Qe2 Ne7 12. Nd4 Nf5 13. Nxf5 gxf5 14. Nb5 Bxb5 15. Qxb5+ Qd7 16. a4 Be7 17. 0-0 Qc6 18. b4 0-0 19. Qxc6 bxc6 20. b5 f6 21. f4 g5 22. exf6 Bxf6 23. Bd4 gxf4 24. Bxf6 Rxf6 25. Rfe1 Kf7 26. Rab1 Rg6 27. Rb2 Kf6 28. b6 f3 29. g3 e5 30. Kf2 e4 31. Ke3 Rg4 32. Reb1 Ke5 33. b7 Rb8 34. Rb6 f4+ 35. gxf4+ Rxf4 36. Rxc6 f2 37. Re6+ Kxe6 38. Kxf4 Rxb7 39. Rf1 Rf7+ 40. Ke3 Rf3+ 41. Ke2 Rxc3 42. Rxf2 d4 43. Kd1 Rxc5 44. h4 Rh5 45. Rf8 Rxh4 46. Re8+ Kd5 47. Ra8 Kc4 48. Rxa5 Kd3 49. Ke1 e3 50. Kf1 e2+ 0-1